| 000 | 00619nam a22002057a 4500 | ||
|---|---|---|---|
| 003 | UA-OsUOA | ||
| 001 | 9932 | ||
| 007 | ta | ||
| 008 | 20041129b un ||||| |||| 00| 0 ukr d | ||
| 100 | _aТеремко В. | ||
| 942 | _cSA | ||
| 040 |
_aUA-OsUOA _bukr _cUA-OsUOA _dUA-OsUOA |
||
| 245 |
_aНа траєкторію сльози _b[ Про роман В.Веретенникова " Запороги " ] |
||
| 300 | _aС.6 | ||
| 955 | _a0 | ||
| 041 | _aukr | ||
| 044 | _aUA | ||
| 773 | 0 |
_w0 _tЛітературна Україна _dКиїв _d2004 _g№46 /25листоп./ |
|
| 650 | 7 |
_aВеретенников В. _2UDC |
|
| 999 |
_c296093 _d296093 |
||